Phân tích nguyên nhân và tìm kiếm giải pháp tích hợp chống ùn tắc, kẹt xe cho hệ thống các nút giao thông của thành phố Hồ Chí Minh

Saved in:
Bibliographic Details
Main Author: Nguyễn, Xuân Vinh
Format: Book
Language:Undetermined
Subjects:
Online Access:http://lrc.tdmu.edu.vn/opac/search/detail.asp?aID=2&ID=25549
Tags: Add Tag
No Tags, Be the first to tag this record!
Institutions: Trung tâm Học liệu Trường Đại học Thủ Dầu Một
LEADER 00731nam a2200145Ia 4500
001 TDMU_25549
008 210410s9999 xx 000 0 und d
082 |a 388.3 
100 |a Nguyễn, Xuân Vinh 
245 0 |a Phân tích nguyên nhân và tìm kiếm giải pháp tích hợp chống ùn tắc, kẹt xe cho hệ thống các nút giao thông của thành phố Hồ Chí Minh 
245 0 |c Nguyễn Xuân Vinh 
300 |a Tr.42-49 
650 |a Chính trị xã hội; Ùn tắc kẹt xe; Nút giao thông; Thành phố Hồ Chí Minh 
856 |u http://lrc.tdmu.edu.vn/opac/search/detail.asp?aID=2&ID=25549 
980 |a Trung tâm Học liệu Trường Đại học Thủ Dầu Một